000 00268nam a22001217a 4500
008 181217b xxu||||| |||| 00| 0 eng d
041 _aeng
080 _a038
100 _a23
101 _aFJA
245 _aLiterary Terms, A Dictionary
_cBeckson, K
942 _2udc
_cBK
999 _c53255
_d53255